000 00227nam a22001097a 4500
003 OSt
008 241202b |||||||| |||| 00| 0 eng d
041 _aeng
100 _aKovilan
_96417
245 _aEezhaam Maadangal
942 _cBK
999 _c18155
_d18155